| 000 | 00556 a2200241 4500 | ||
|---|---|---|---|
| 001 | 48158 | ||
| 020 | _a9788525049889 | ||
| 041 | _apor | ||
| 090 | _aYear 2 [E] | ||
| 092 | _a2007020047 | ||
| 250 | _a. ed. | ||
| 300 | _a[48] p. | ||
| 697 | _aChristmas | ||
| 697 | _aSwine | ||
| 697 | _aChristmas - Fiction | ||
| 697 | _aPigs - Fiction. | ||
| 856 | _u000020/00002062.jpg | ||
| 040 |
_aBR-BrIDEA _cBR-BrIDEA |
||
| 100 |
_aFalconer, Ian _d1959 |
||
| 245 | 1 | 0 |
_aOlivia ajuda no natal _c Ian Falconer |
| 260 |
_a[S.l.] _bGlobo _c2011 |
||
| 942 | _cBK | ||
| 999 |
_c48158 _d48158 |
||